Statistiques concernant membres de la team Crouton

Cliquez ici pour prendre le quiz!

Statistiques générales

  • Ce quiz a été pris 1 314 fois
  • Le résultat moyen est 7 sur 8

Statistiques - réponses

Réponse% Correct
michou
99%
inoxtag
97%
pidi
97%
apo
87%
valouzz
85%
dobby
77%
lebouseuh
68%
doc jazy
52%

Distribution des résultats

Percentile par nombre de réponses

% des personnes avec chaque résultat

Votre développement - résultats

Vous n’avez pas pris ce quiz